K analýze zmien vo vnímaní problematiky žien v médiách na prahu tretieho tisícročia
Ciele a formy medializácie problematiky žien od začiatku 90-rokov do súčasnosti. Analýza vybraných mediálnych projektov a ich ciele pri oslovení verejnosti v 90-tych rokoch. Orientácia formovania postojov verejnosti.
Guardado en:
| Autor principal: | |
|---|---|
| Formato: | Capítulo de libro |
| Lenguaje: | eslovaco |
| Materias: | |
| Etiquetas: |
Sin Etiquetas, Sea el primero en etiquetar este registro!
|
MARC
| LEADER | 00000naa$a2200000$$$4500 | ||
|---|---|---|---|
| 001 | 0053884 | ||
| 005 | 20240502071625.7 | ||
| 041 | 0 | |a slo | |
| 044 | |a SK | ||
| 245 | 1 | 0 | |a K analýze zmien vo vnímaní problematiky žien v médiách na prahu tretieho tisícročia |c Oľga Plávková |
| 520 | |a Ciele a formy medializácie problematiky žien od začiatku 90-rokov do súčasnosti. Analýza vybraných mediálnych projektov a ich ciele pri oslovení verejnosti v 90-tych rokoch. Orientácia formovania postojov verejnosti. | ||
| 610 | 2 | 0 | |a ženy |
| 610 | 2 | 0 | |a médiá |
| 610 | 2 | 0 | |a výskum sociologický |
| 610 | 2 | 0 | |a mienka verejná |
| 610 | 2 | 0 | |a rovnoprávnosť |
| 100 | 1 | |a Plávková, Oľga | |